<?xml version="1.0" encoding="UTF-8"?>
<record
    xmlns:xsi="http://www.w3.org/2001/XMLSchema-instance"
    xsi:schemaLocation="http://www.loc.gov/MARC21/slim http://www.loc.gov/standards/marcxml/schema/MARC21slim.xsd"
    xmlns="http://www.loc.gov/MARC21/slim">

  <leader>00759nam a2200193Ia 4500</leader>
  <controlfield tag="008">151121s9999||||xx |||||||||||||| ||und||</controlfield>
  <datafield tag="082" ind1=" " ind2=" ">
    <subfield code="a">781&#x964;24/&#x905;&#x932;&#x940;&#x916;&#x93E;&#x902;</subfield>
  </datafield>
  <datafield tag="082" ind1=" " ind2=" ">
    <subfield code="b">HNW-58573</subfield>
  </datafield>
  <datafield tag="100" ind1=" " ind2=" ">
    <subfield code="a">&#x905;&#x932;&#x940;&#x916;&#x93E;&#x902; &#x92E;&#x941;&#x964; &#x928;&#x964;</subfield>
  </datafield>
  <datafield tag="245" ind1=" " ind2=" ">
    <subfield code="a">&#x92E;&#x93E;&#x930;&#x93F;&#x92B;&#x941;&#x928;&#x94D;&#x928;&#x917;&#x92E;&#x93E;&#x924;- &#x924;&#x93F;&#x938;&#x930;&#x93E; &#x92D;&#x93E;&#x917;</subfield>
  </datafield>
  <datafield tag="260" ind1=" " ind2=" ">
    <subfield code="b">"&#x938;&#x902;&#x917;&#x940;&#x924; &#x915;&#x93E;&#x930;&#x94D;&#x92F;&#x93E;&#x932;&#x92F;, &#x939;&#x93E;&#x925;&#x930;&#x938;,&#x909;&#x924;&#x94D;&#x924;&#x930;&#x92A;&#x94D;&#x930;&#x926;&#x947;&#x936;&#x964;"</subfield>
  </datafield>
  <datafield tag="260" ind1=" " ind2=" ">
    <subfield code="c">--</subfield>
  </datafield>
  <datafield tag="300" ind1=" " ind2=" ">
    <subfield code="a">79</subfield>
  </datafield>
  <datafield tag="600" ind1=" " ind2=" ">
    <subfield code="a">&#x905;&#x932;&#x940;&#x916;&#x93E;&#x902; &#x92E;&#x941;&#x964; &#x928;&#x964;</subfield>
  </datafield>
  <datafield tag="630" ind1=" " ind2=" ">
    <subfield code="a">&#x92E;&#x93E;&#x930;&#x93F;&#x92B;&#x941;&#x928;&#x94D;&#x928;&#x917;&#x92E;&#x93E;&#x924;- &#x924;&#x93F;&#x938;&#x930;&#x93E; &#x92D;&#x93E;&#x917;</subfield>
  </datafield>
  <datafield tag="700" ind1=" " ind2=" ">
    <subfield code="a">&#x905;&#x932;&#x940;&#x916;&#x93E;&#x902; &#x92E;&#x941;&#x964; &#x928;&#x964;</subfield>
  </datafield>
  <datafield tag="730" ind1=" " ind2=" ">
    <subfield code="a">&#x92E;&#x93E;&#x930;&#x93F;&#x92B;&#x941;&#x928;&#x94D;&#x928;&#x917;&#x92E;&#x93E;&#x924;- &#x924;&#x93F;&#x938;&#x930;&#x93E; &#x92D;&#x93E;&#x917;</subfield>
  </datafield>
  <datafield tag="942" ind1=" " ind2=" ">
    <subfield code="c">BOOK</subfield>
  </datafield>
  <datafield tag="999" ind1=" " ind2=" ">
    <subfield code="c">1240381</subfield>
    <subfield code="d">1240378</subfield>
  </datafield>
  <datafield tag="952" ind1=" " ind2=" ">
    <subfield code="0">0</subfield>
    <subfield code="1">0</subfield>
    <subfield code="4">0</subfield>
    <subfield code="7">0</subfield>
    <subfield code="a">HNW</subfield>
    <subfield code="b">HNW</subfield>
    <subfield code="d">2015-11-21</subfield>
    <subfield code="g">25.00</subfield>
    <subfield code="l">0</subfield>
    <subfield code="o">HNW-58573</subfield>
    <subfield code="p">HNW-58573</subfield>
    <subfield code="r">2015-11-21 00:00:00</subfield>
    <subfield code="v">25.00</subfield>
    <subfield code="w">2015-11-21</subfield>
    <subfield code="y">BOOK</subfield>
  </datafield>
</record>
